00508cam a22001692 4500001001100000005001700011008004100028020001700069040001500086100003400101245008800135250001300223260002700236300002700263650004500290852000300335000002443020151217155236.0130917s xx 000 0 eng d a1452230023 : aKABUcKABU1 aLippman, Matthew.@000018071710aContemporary criminal law :bconcepts, cases, and controversies /cMatthew Lippman. a3rd ed. aLondon :bSAGE,c2013. a1 v. (various pagings) 0aCriminal lawzUnited States.@00001531541